Chile entre el neoliberalismo y el crecimiento con equidad: cuarenta años de políticas económicas y sus lecciones para el futuro
Tallennettuna:
| Päätekijä: | |
|---|---|
| Aineistotyyppi: | Kirja |
| Kieli: | espanja |
| Julkaistu: |
Santiago
J.C Sáez
2014
|
| Painos: | 5a. ed |
| Aiheet: | |
| Tagit: |
Lisää tagi
Ei tageja, Lisää ensimmäinen tagi!
|
MARC
| LEADER | 00000cam a2200000 a 4500 | ||
|---|---|---|---|
| 001 | UCE3073 | ||
| 003 | CL-VaPUC | ||
| 008 | 140814e20140000cl |||||||||||||||||spa|d | ||
| 020 | |a 9789563061017 | ||
| 082 | 0 | 4 | |a 338.983 |b FFR |2 21 |
| 100 | 0 | |a Ffrench-Davis, Ricardo |e author |9 575578 | |
| 245 | 1 | 0 | |a Chile entre el neoliberalismo y el crecimiento con equidad: cuarenta años de políticas económicas y sus lecciones para el futuro |
| 250 | |a 5a. ed | ||
| 300 | |a 538 p | ||
| 942 | |c BK | ||
| 945 | |d 20140814 14:58:00 |a arojas | ||
| 260 | |a Santiago |b J.C Sáez |c 2014 | ||
| 650 | 0 | |a Crecimiento económico |9 314037 | |
| 650 | 0 | |a Neoliberalismo |9 330090 | |
| 650 | 0 | |a Política económica |9 255029 | |
| 650 | 0 | |a Desarrollo económico |9 259599 | |
| 583 | |a last modification |c 20140814 14:58:00 |k Rodrigo Vera | ||
| 999 | |c 356523 |d 356521 | ||
| 952 | |0 0 |1 0 |3 erb |4 0 |6 338_983000000000000_FFR_2014 |7 0 |8 A |9 463968 |a BIBHIS |b BIBHIS |i 5095271 |l 1 |o 338.983 FFR 2014 |p 5095271 |r 2025-01-20 |s 2022-06-29 |w 2019-11-23 |y BK |z Catalogado en:20140814 |k HIS | ||